Normal view
MARC view
Entry Personal Name
001 - CONTROL NUMBER
- control field: 11555
003 - CONTROL NUMBER IDENTIFIER
- control field: ARRUPE
005 - DATE AND TIME OF LATEST TRANSACTION
- control field: 20140924135322.0
008 - FIXED-LENGTH DATA ELEMENTS
- fixed length control field: 140924|| aca||aabn | a|a d
040 ## - CATALOGING SOURCE
- Original cataloging agency: ARRUPE
- Transcribing agency: ARRUPE
100 ## - HEADING--PERSONAL NAME
- Personal name: Baudrillard, Jean,
- Dates associated with a name: 1929-2007
- General subdivision: Travel
- Geographic subdivision: United States.
670 ## - SOURCE DATA FOUND
- Source citation: Work cat.: (ARRUPE)0: Baudrillard, Jean, 1929-2007. 7655, America /, 2010.